South Eastern Kenya University

Library Online Public Access Catalogue


Double helix / (Record no. 13579)

MARC details
000 -LEADER
fixed length control field 00352pam a2200121 a 4500
020 ## - ISBN
International Standard Book Number 0931846420 :
Terms of availability $10.00
050 00 - LIBRARY OF CONGRESS CALL NUMBER
Classification Number PS3551.R4663
Item Number D68 1993
100 1# - MAIN ENTRY--Author
Personal name Armitage, Barri,
Dates associated with a name 1937-
245 10 - TITLE
Title Double helix /
Statement of responsibility, etc by Barri Armitage.
260 ## - PUBLICATION, DISTRIBUTION, ETC.(IMPRINT)
Place of publication, distribution, etc Washington, D.C. :
Name of publisher, distributor, etc Washington Writers' Pub. House,
Date of publication, distribution, etc c1993.
300 ## - PHYSICAL DESCRIPTION
Extent vii, 63 p. :
942 ## - ADDED ENTRY ELEMENTS(KOHA)
Source of classification or shelving scheme Library of Congress Classification
Koha item type General circulation
Holdings
Source of classification or shelving scheme Not for loan Location (home branch) Sublocation (holding branch) Date accessioned Source of acquisition Full call number Barcode Koha item type Public note
Library of Congress Classification   SEHSS - Library SEHSS - Library 10/05/2016 Donations- Books for Africa [EHS] PS 3551.R4663 D68 1993 2016/017668 General circulation amm
Kitui, Kenya.
+254736116989
library@seku.ac.ke